00415 a2200145 4500003000500000005001700005040000900022082001300031100002000044245003600064260003600100300001300136505008400149538003600233Nust20170207154123.0 cNust a621.3192 aJohnson, Walter aTransmission lines and networks aNew York, , b1950cMcGraw-Hill ax, 361 p aPart 1:- Transmission Lines (Page-3) Part 2:- Four Thermal Networks (Page-239)  aAlmirah No. 126 and Shelf No. 3